| 000 | 00783cam a22002531 4500 | ||
|---|---|---|---|
| 001 | 5556 | ||
| 003 | BD-RjUL | ||
| 005 | 20211208234103.0 | ||
| 008 | 131226s1946 maua b 001 0 eng | ||
| 035 | _a(BD-RjUL)5592 | ||
| 035 | _a(OCoLC)268731 | ||
| 040 |
_aDLC _cOTifH _dMoSU-L _dDLC _dBD-RjUL _beng |
||
| 041 | _aeng | ||
| 082 |
_a342.73 _bSHG |
||
| 100 | 1 |
_aShoup, Earl L. _q(Earl Leon), _d1886- _917403 |
|
| 245 | 1 | 4 |
_aThe government of the American people, _cby Earl L. Shoup. |
| 260 |
_aBoston, _bGinn _cc1946. |
||
| 300 |
_aix, 1206 p. : _billus. ; _c24 cm. |
||
| 504 | _aIncludes bibliographical references and index. | ||
| 651 | 0 |
_aUnited States _xPolitics and government _vHandbooks, manuals, etc. _913587 |
|
| 942 |
_2ddc _cBK |
||
| 999 |
_c5556 _d5556 |
||